[Event "MP 2012-2013"]
[Site "?"]
[Date "2012.10.16"]
[Round "1.1"]
[White "Pohludka, Ondøej"]
[Black "Jamka, Bøetislav"]
[Result "1-0"]
[WhiteElo "2015"]
[BlackElo "2004"]
[PlyCount "69"]
[EventDate "2012.10.16"]
[SourceDate "2012.10.16"]
[WhiteTeam "ŠK Šenov"]
[BlackTeam "Slovan"]

1. e4 c5 2. c3 d5 3. e5 Nc6 4. f4 d4 5. d3 f6 6. exf6 Nxf6 7. Nf3 Bg4 8. h3 Bh5
9. g4 Bf7 10. Bg2 Qc7 11. O-O h5 12. g5 Nd5 13. Ne5 e6 14. Nxf7 Qxf7 15. c4
Nde7 16. Nd2 Nf5 17. Ne4 O-O-O 18. a3 g6 19. Qe1 Be7 20. Bd2 Rhe8 21. b4 e5 22.
bxc5 exf4 23. Bxf4 Bxc5 24. Qc1 Qf8 25. Nxc5 Qxc5 26. Rb1 Re2 27. Rb5 Qf8 28.
Bxc6 bxc6 29. Rb8+ Kd7 30. Rb7+ Ke6 31. Qd1 Re3 32. Bxe3 dxe3 33. Qf3 Qc5 34.
Qe4+ Qe5 35. Re7+ 1-0

[Event "MP 2012-2013"]
[Site "?"]
[Date "2012.10.16"]
[Round "1.2"]
[White "Chliapas, Nikos"]
[Black "Vašek, Vladimír"]
[Result "1/2-1/2"]
[WhiteElo "1940"]
[BlackElo "1996"]
[PlyCount "47"]
[EventDate "2012.10.16"]
[SourceDate "2012.10.16"]
[WhiteTeam "ŠK Šenov"]
[BlackTeam "Slovan"]

1. e4 e6 2. d4 d5 3. Nc3 Nf6 4. e5 Nfd7 5. Nf3 c5 6. Be2 Nc6 7. Be3 a6 8. O-O
b5 9. a3 Be7 10. Qd2 Qc7 11. dxc5 Nxc5 12. b4 Nd7 13. Rae1 Ndxe5 14. Bf4 Nxf3+
15. Bxf3 Qd8 16. Nxd5 exd5 17. Bxd5 Bb7 18. Bxc6+ Bxc6 19. Qe3 Kf8 20. Rd1 Qc8
21. Rfe1 Qb7 22. Qg3 Kg8 23. Be5 f6 24. Bc7 1/2-1/2

[Event "MP 2012-2013"]
[Site "?"]
[Date "2012.10.16"]
[Round "1.3"]
[White "Kotláø, Jarmil"]
[Black "Šálek, Josef"]
[Result "1/2-1/2"]
[WhiteElo "1915"]
[BlackElo "1783"]
[PlyCount "106"]
[EventDate "2012.??.??"]
[WhiteTeam "ŠK Šenov"]
[BlackTeam "Slovan"]

1. d4 d5 2. c4 Nf6 3. cxd5 Qxd5 4. Nc3 Qd8 5. Bg5 c6 6. Nf3 Nbd7 7. e3 Qa5 8.
Bxf6 exf6 9. a3 Be7 10. b4 Qd8 11. d5 Nb6 12. dxc6 Qxd1+ 13. Rxd1 bxc6 14. Nd4
Bd7 15. Nb3 O-O 16. Nc5 Be6 17. Ba6 Rad8 18. Nxe6 Rxd1+ 19. Kxd1 fxe6 20. Kc2
Rb8 21. Rd1 Kf7 22. Ne4 Nd5 23. Bc4 Ra8 24. Nc5 f5 25. Nb7 a6 26. Na5 c5 27.
bxc5 Bxc5 28. Bxd5 exd5 29. Rxd5 Bxa3 30. Rxf5+ Kg6 31. Rd5 Bb4 32. Kd3 Rc8 33.
Nc4 Kf6 34. Rd7 a5 35. Ra7 Rc5 36. e4 h6 37. f4 Rh5 38. h3 Rh4 39. Ra6+ Ke7 40.
Ke3 g5 41. f5 Bc5+ 42. Kd3 g4 43. Rxa5 gxh3 44. gxh3 Rxh3+ 45. Ke2 Bd4 46. Ra6
Rh2+ 47. Kd3 Bc5 48. Ra5 Rh3+ 49. Kc2 Bd4 50. Rd5 Bg7 51. e5 Rf3 52. f6+ Bxf6
53. exf6+ Kxf6 1/2-1/2

[Event "MP 2012-2013"]
[Site "?"]
[Date "2012.10.16"]
[Round "1.4"]
[White "Bártek, Jaromír"]
[Black "Nešpor, Ivan"]
[Result "*"]
[WhiteElo "1711"]
[BlackElo "1810"]
[PlyCount "54"]
[EventDate "2012.??.??"]
[WhiteTeam "ŠK Šenov"]
[BlackTeam "Slovan"]

1. e4 e5 2. Nf3 Nc6 3. d4 exd4 4. c3 d3 5. Bxd3 d6 6. O-O Be7 7. h3 Nf6 8. Re1
Ne5 9. Nxe5 dxe5 10. Qb3 Qxd3 11. Nd2 O-O 12. Re3 Qa6 13. Qc2 Be6 14. a3 Rfd8
15. Nf3 Bc5 16. Re1 Bd6 17. Bg5 Qa5 18. Qc1 Be7 19. c4 Qc5 20. b4 Qd6 21. Bh4
Nh5 22. Bxe7 Qxe7 23. Nxe5 Bxh3 24. Nxf7 Qxf7 25. gxh3 Rd6 26. Re3 Rg6+ 27. Kh1
Qxf2 *

[Event "MP 2012-2013"]
[Site "?"]
[Date "2012.10.16"]
[Round "1.5"]
[White "Petrov, Nikolaj"]
[Black "Mladìjovský, Miroslav"]
[Result "1-0"]
[WhiteElo "1771"]
[BlackElo "1718"]
[PlyCount "45"]
[EventDate "2012.??.??"]
[WhiteTeam "ŠK Šenov"]
[BlackTeam "Slovan"]

1. Nf3 d5 2. c4 e6 3. d4 Nf6 4. Nc3 Be7 5. Bg5 h6 6. Bh4 O-O 7. e3 c6 8. Bd3
dxc4 9. Bxc4 Nd5 10. Bg3 Nd7 11. O-O N7f6 12. Bd3 Nxc3 13. bxc3 Qa5 14. Qc2 Nd5
15. c4 Nb4 16. Qd2 c5 17. Bb1 cxd4 18. exd4 Rd8 19. a3 Kf8 20. Bd3 Nc6 21. Qxa5
Nxa5 22. Bc7 Nb3 23. Bxd8 1-0

[Event "MP 2012-2013"]
[Site "?"]
[Date "2012.10.16"]
[Round "1.6"]
[White "Alexandr, Petr"]
[Black "Omasta, Dušan"]
[Result "0-1"]
[WhiteElo "1649"]
[BlackElo "1761"]
[PlyCount "76"]
[EventDate "2012.??.??"]
[WhiteTeam "ŠK Šenov"]
[BlackTeam "Slovan"]

1. b4 e5 2. Bb2 d6 3. e3 Nf6 4. c4 Be7 5. Qc2 O-O 6. Bd3 b6 7. Nc3 Bb7 8. Ne4
Nbd7 9. Nf3 g6 10. O-O Nh5 11. Be2 Nhf6 12. Nxf6+ Bxf6 13. d4 exd4 14. Bxd4 a5
15. a3 Qe7 16. Rfc1 axb4 17. axb4 Ne5 18. Qd1 Rfe8 19. Rxa8 Rxa8 20. Nxe5 Bxe5
21. Bf3 Bxf3 22. Qxf3 Ra4 23. b5 Bxd4 24. exd4 Rxc4 25. Rd1 Rxd4 26. Ra1 Qe4
27. Qc3 Qd3 28. Qxd3 Rxd3 29. g3 Rc3 30. Rb1 f5 31. h4 Kf7 32. Kf1 Rc5 33. Ke2
Ke6 34. Kd3 Kf6 35. Kd4 g5 36. hxg5+ Kxg5 37. f4+ Kg4 38. Rb3 h5 0-1

[Event "MP 2012-2013"]
[Site "?"]
[Date "2012.10.16"]
[Round "1.7"]
[White "Gavroò, Ladislav"]
[Black "Szabó, Pavel"]
[Result "1-0"]
[WhiteElo "1726"]
[BlackElo "1720"]
[PlyCount "53"]
[EventDate "2012.??.??"]
[WhiteTeam "ŠK Šenov"]
[BlackTeam "Slovan"]

1. e4 c5 2. c3 Nc6 3. Nf3 d6 4. d4 cxd4 5. cxd4 e6 6. Bd3 Nf6 7. O-O Be7 8. Nc3
O-O 9. a3 a6 10. b4 Bd7 11. Bb2 Ne8 12. Ne2 Nc7 13. d5 exd5 14. exd5 Nxd5 15.
Bxh7+ Kxh7 16. Qxd5 f5 17. Ned4 Qe8 18. Ne6 Bxe6 19. Qxe6 Qf7 20. Rae1 Qxe6 21.
Rxe6 Rf7 22. Rfe1 Rd8 23. h4 g6 24. Ng5+ Bxg5 25. hxg5 Rdd7 26. Re8 Ne5 27. f4
1-0

[Event "MP 2012-2013"]
[Site "?"]
[Date "2012.10.16"]
[Round "1.8"]
[White "Hettenberger, Mirek"]
[Black "Schoffer, Martin"]
[Result "1/2-1/2"]
[WhiteElo "1820"]
[BlackElo "1717"]
[PlyCount "54"]
[EventDate "2012.??.??"]
[WhiteTeam "ŠK Šenov"]
[BlackTeam "Slovan"]

1. c4 c5 2. Nc3 Nc6 3. Nf3 Nf6 4. g3 b6 5. Bg2 Bb7 6. O-O d6 7. e3 g6 8. d4 Bg7
9. a3 O-O 10. Rb1 Ba6 11. b3 Qc7 12. Re1 Rad8 13. Qc2 Nh5 14. Nb5 Bxb5 15. cxb5
Nb8 16. Bb2 Rc8 17. Rbc1 Qd7 18. Qe2 cxd4 19. Bxd4 Rc7 20. Bxg7 Nxg7 21. Nd4 d5
22. a4 Rfc8 23. Qd2 Ne6 24. Bh3 f5 25. Bg2 Nxd4 26. Rxc7 Rxc7 27. Qxd4 e6
1/2-1/2

[Event "MP 2012-2013"]
[Site "?"]
[Date "2012.10.30"]
[Round "2.1"]
[White "Jamka, Bøetislav"]
[Black "Skoèková, Kateøina"]
[Result "1-0"]
[WhiteElo "2004"]
[BlackElo "1783"]
[PlyCount "47"]
[EventDate "2012.10.22"]
[SourceDate "2012.10.31"]
[WhiteTeam "Slovan"]
[BlackTeam "Polanka"]

1. d4 d5 2. c4 e5 3. dxe5 d4 4. Nf3 Nc6 5. g3 f6 6. Bg2 fxe5 7. O-O Nf6 8. e3
Be7 9. b4 Bxb4 10. Nxe5 Nxe5 11. exd4 Nxc4 12. Qa4+ Kf7 13. Qxb4 Nd6 14. Bg5 h6
15. Bf4 Re8 16. Nc3 Qe7 17. Nd5 Nxd5 18. Bxd5+ Kf8 19. Rfe1 Qf6 20. Rxe8+ Kxe8
21. Re1+ Kf8 22. Be5 Qe7 23. Qd2 Qg5 24. Qc2 1-0

[Event "MP 2012-2013"]
[Site "?"]
[Date "2012.10.30"]
[Round "2.2"]
[White "Bayer, Vlastimil"]
[Black "Chliapas, Nikos"]
[Result "0-1"]
[WhiteElo "1813"]
[BlackElo "1940"]
[PlyCount "62"]
[EventDate "2012.10.22"]
[SourceDate "2012.10.31"]
[WhiteTeam "Slovan"]
[BlackTeam "Polanka"]

1. Nf3 d5 2. d4 Nf6 3. c4 e6 4. g3 Bd6 5. Bg2 O-O 6. Nc3 Nc6 7. cxd5 exd5 8.
O-O h6 9. a3 a6 10. b4 Bf5 11. Bb2 Re8 12. Rc1 Ne7 13. Nh4 Bh7 14. Re1 Ne4 15.
Nf3 c6 16. Ne5 Nxc3 17. Bxc3 Bxe5 18. dxe5 Bf5 19. e3 Qd7 20. Qd4 Qe6 21. e4
dxe4 22. Bxe4 Bxe4 23. Qxe4 Rad8 24. Bd4 Rd5 25. Bb6 Nc8 26. Bc7 Qe7 27. f4 Qd7
28. Bb8 Rd4 29. Qf3 Rd3 30. Re3 Qd4 31. Rce1 Rxa3 0-1

[Event "MP 2012-2013"]
[Site "?"]
[Date "2012.10.30"]
[Round "2.3"]
[White "Halámka, Pavel"]
[Black "Koláø, Luboš"]
[Result "1-0"]
[WhiteElo "1742"]
[BlackElo "1600"]
[PlyCount "51"]
[EventDate "2012.10.22"]
[SourceDate "2012.10.31"]
[WhiteTeam "Slovan"]
[BlackTeam "Polanka"]

1. e4 e6 2. d4 b6 3. Nf3 Bb7 4. Bd3 d6 5. Nc3 Be7 6. Bf4 Nf6 7. Qe2 Nc6 8.
O-O-O Nb4 9. g4 Nxd3+ 10. Qxd3 Nxg4 11. Qe2 g6 12. e5 h5 13. h3 Nh6 14. d5 Qd7
15. exd6 Bxd6 16. Bxd6 Qxd6 17. Qb5+ Kf8 18. Kb1 a6 19. Qb3 Kg7 20. Ng5 Rhe8
21. dxe6 Qf4 22. Rhg1 f6 23. Rd7+ Kg8 24. e7+ Kh8 25. Ne6 Ng8 26. Nxf4 1-0

[Event "MP 2012-2013"]
[Site "?"]
[Date "2012.10.30"]
[Round "2.4"]
[White "Vanìk, Jiøí"]
[Black "Bártek, Jaromír"]
[Result "1/2-1/2"]
[WhiteElo "1722"]
[BlackElo "1711"]
[PlyCount "68"]
[EventDate "2012.10.22"]
[SourceDate "2012.10.31"]
[WhiteTeam "Slovan"]
[BlackTeam "Polanka"]

1. d4 Nf6 2. Nf3 g6 3. Bf4 Bg7 4. e3 d6 5. Bd3 Nbd7 6. c3 Nh5 7. Bg3 Nxg3 8.
hxg3 e5 9. Nbd2 Nb6 10. Qe2 Bg4 11. Rh4 Qd7 12. O-O-O O-O-O 13. Nc4 Nxc4 14.
Bxc4 e4 15. Rxg4 Qxg4 16. Nd2 Qxe2 17. Bxe2 d5 18. g4 c6 19. f3 f5 20. gxf5
gxf5 21. g4 exf3 22. Nxf3 Rde8 23. Kd2 fxg4 24. Ng5 h5 25. Nf7 Rhf8 26. Nd6+
Kd7 27. Nxe8 Kxe8 28. Rh1 Rf5 29. Bd3 Rf2+ 30. Be2 g3 31. Rxh5 Bf6 32. Rh3 g2
33. Rg3 Bh4 34. Rg4 Ke7 1/2-1/2

[Event "MP 2012-2013"]
[Site "?"]
[Date "2012.10.30"]
[Round "2.5"]
[White "Beneš, Jaroslav"]
[Black "Churová, Hana"]
[Result "1-0"]
[WhiteElo "1659"]
[BlackElo "1483"]
[PlyCount "71"]
[EventDate "2012.10.22"]
[SourceDate "2012.10.31"]
[WhiteTeam "Slovan"]
[BlackTeam "Polanka"]

1. e4 e5 2. Nf3 Nf6 3. d4 exd4 4. e5 Ne4 5. Qxd4 d5 6. Bd3 Nc6 7. Qa4 Nc5 8.
Qf4 Ne6 9. Qg3 g6 10. c3 Bg7 11. O-O O-O 12. Re1 f5 13. exf6 Qxf6 14. Be3 d4
15. Nxd4 Ncxd4 16. cxd4 c6 17. Nc3 b5 18. a3 Bb7 19. Rad1 Nxd4 20. Bxd4 Qxd4
21. Re7 Qb6 22. Bc2 Bd4 23. Bb3+ Kh8 24. Rxd4 Qxd4 25. Rxb7 Rae8 26. h3 Re1+
27. Kh2 Re5 28. Rf7 Rxf7 29. Bxf7 Kg7 30. Bb3 h5 31. Bc2 Re6 32. f4 Qd6 33. Ne4
Qe7 34. f5 h4 35. Qg4 Qc7+ 36. Kh1 1-0

[Event "MP 2012-2013"]
[Site "?"]
[Date "2012.11.13"]
[Round "3.1"]
[White "Kopec, Ladislav"]
[Black "Jamka, Bøetislav"]
[Result "1/2-1/2"]
[WhiteElo "2130"]
[BlackElo "2004"]
[PlyCount "62"]
[EventDate "2012.??.??"]
[WhiteTeam "TJ Ostrava"]
[BlackTeam "Slovan"]

1. e4 c5 2. Nf3 d6 3. Bb5+ Nd7 4. O-O a6 5. Bxd7+ Bxd7 6. d4 cxd4 7. Qxd4 Nf6
8. Bg5 h6 9. Bxf6 gxf6 10. Nh4 e6 11. Nd2 Rg8 12. Rfd1 Rc8 13. c3 Rg4 14. g3 d5
15. Ng2 f5 16. Ne3 Bg7 17. Qb4 a5 18. Qb3 a4 19. Qc2 d4 20. Nxg4 dxc3 21. bxc3
Rxc3 22. Qb1 fxg4 23. Qb4 Qc7 24. Rab1 b5 25. e5 Bxe5 26. Qxg4 Bc6 27. Rbc1 Bb7
28. Rxc3 Bxc3 29. Ne4 Bd5 30. Qh4 b4 31. Rc1 Qc6 1/2-1/2

[Event "MP 2012-2013"]
[Site "?"]
[Date "2012.11.13"]
[Round "3.2"]
[White "Chliapas, Nikos"]
[Black "Týn, Marek"]
[Result "1/2-1/2"]
[WhiteElo "1940"]
[BlackElo "1895"]
[PlyCount "62"]
[EventDate "2012.10.31"]
[SourceDate "2012.11.13"]
[WhiteTeam "TJ Ostrava"]
[BlackTeam "Slovan"]

1. d4 d5 2. Nf3 e6 3. c4 Nf6 4. Nc3 Be7 5. Bf4 O-O 6. h3 c5 7. dxc5 Bxc5 8. e3
Nc6 9. Be2 Re8 10. O-O d4 11. Na4 b6 12. exd4 Bxd4 13. Nxd4 Nxd4 14. Bf3 Nxf3+
15. Qxf3 Bd7 16. Nc3 Qc8 17. Be5 Bc6 18. Qg3 Qd8 19. Rad1 Qe7 20. Bd6 Qb7 21.
f3 Red8 22. Be5 Ne8 23. Qg4 Qe7 24. Ne4 f5 25. Qg5 Kf8 26. Qxe7+ Kxe7 27. Nc3
g6 28. Kf2 Nd6 29. Bxd6+ Rxd6 30. Rxd6 Kxd6 31. Re1 Re8 1/2-1/2

[Event "MP 2012-2013"]
[Site "?"]
[Date "2012.11.13"]
[Round "3.3"]
[White "Kramoliš, Pavel"]
[Black "Halámka, Pavel"]
[Result "1/2-1/2"]
[WhiteElo "1904"]
[BlackElo "1742"]
[PlyCount "30"]
[EventDate "2012.10.31"]
[SourceDate "2012.11.13"]
[WhiteTeam "TJ Ostrava"]
[BlackTeam "Slovan"]

1. e4 e6 2. d4 d5 3. Nd2 dxe4 4. Nxe4 Nf6 5. Bg5 Be7 6. Nxf6+ Bxf6 7. Bxf6 Qxf6
8. Nf3 Nc6 9. Bb5 Bd7 10. O-O O-O-O 11. c3 Kb8 12. Qb3 Na5 13. Qb4 Bxb5 14.
Qxb5 Nc6 15. Qg5 Qxg5 1/2-1/2

[Event "MP 2012-2013"]
[Site "?"]
[Date "2012.11.13"]
[Round "3.4"]
[White "Bártek, Jaromír"]
[Black "Balogh, Milan"]
[Result "1/2-1/2"]
[WhiteElo "1711"]
[BlackElo "1845"]
[PlyCount "75"]
[EventDate "2012.10.31"]
[SourceDate "2012.11.13"]
[WhiteTeam "TJ Ostrava"]
[BlackTeam "Slovan"]

1. e4 e6 2. d4 d5 3. exd5 exd5 4. Nf3 Nf6 5. Bg5 Be7 6. Bd3 O-O 7. O-O Nc6 8.
c3 Bg4 9. Nbd2 Re8 10. Qc2 h6 11. Bxf6 Bxf6 12. h3 Be6 13. Rfe1 Qd6 14. Nf1 Qf4
15. Qc1 Qd6 16. Ng3 Ne7 17. Nh5 Bf5 18. Bxf5 Nxf5 19. Nxf6+ Qxf6 20. Qc2 Nd6
21. Ne5 Qg5 22. Re3 f6 23. Nf3 Qf5 24. Qxf5 Nxf5 25. Rxe8+ Rxe8 26. Re1 Rxe1+
27. Nxe1 Kf7 28. Kf1 Ke6 29. g3 Nd6 30. Ke2 Ne4 31. Nd3 Kf5 32. Nf4 c6 33. Ke3
Nd6 34. Nd3 h5 35. f3 g5 36. g4+ hxg4 37. hxg4+ Ke6 38. Ke2 1/2-1/2

[Event "MP 2012-2013"]
[Site "?"]
[Date "2012.11.13"]
[Round "3.5"]
[White "Chrostek, Lukáš"]
[Black "Beneš, Jaroslav"]
[Result "1/2-1/2"]
[WhiteElo "1792"]
[BlackElo "1659"]
[PlyCount "71"]
[EventDate "2012.10.31"]
[SourceDate "2012.11.13"]
[WhiteTeam "TJ Ostrava"]
[BlackTeam "Slovan"]

1. e4 c5 2. Nc3 e6 3. f4 d5 4. d3 Nc6 5. Nf3 Be7 6. g3 b5 7. Bg2 Nf6 8. e5 Nd7
9. O-O a6 10. Kh1 Nb6 11. d4 cxd4 12. Nxd4 Nxd4 13. Qxd4 Qc7 14. Qd3 Bb7 15.
Ne2 O-O 16. Nd4 Rac8 17. c3 Qc4 18. Qd1 Nd7 19. Bf3 Rfe8 20. Be2 Qc7 21. a3 Nb6
22. Bd3 Bf8 23. Qh5 g6 24. Qh3 Bg7 25. g4 Nc4 26. Qh4 Qe7 27. g5 h6 28. Rf3 h5
29. Be2 Qd7 30. Rh3 Qe7 31. b3 Na5 32. Bb2 Nc6 33. Rd1 Nxd4 34. Rxd4 Bc6 35.
Kg1 a5 36. Qf2 1/2-1/2

[Event "MP 2012-2013"]
[Site "?"]
[Date "2012.11.13"]
[Round "3.6"]
[White "Alexandr, Petr"]
[Black "Repák, Jan"]
[Result "0-1"]
[WhiteElo "1649"]
[BlackElo "1635"]
[PlyCount "36"]
[EventDate "2012.10.31"]
[SourceDate "2012.11.13"]
[WhiteTeam "TJ Ostrava"]
[BlackTeam "Slovan"]

1. b4 e5 2. Bb2 Bxb4 3. Bxe5 Nf6 4. c4 Nc6 5. Bb2 O-O 6. e3 d5 7. Nf3 Re8 8.
Qc2 d4 9. Bd3 dxe3 10. O-O exf2+ 11. Kh1 Bc5 12. Ng5 Ng4 13. Bxh7+ Kf8 14. Nxf7
Qh4 15. Bxg7+ Kxg7 16. Qg6+ Kf8 17. h3 Qg3 18. hxg4 Qh4# 0-1

[Event "MP 2012-2013"]
[Site "?"]
[Date "2012.11.13"]
[Round "3.7"]
[White "Kopcová, Ludmila"]
[Black "Szabó, Pavel"]
[Result "1-0"]
[WhiteElo "1507"]
[BlackElo "1720"]
[PlyCount "119"]
[EventDate "2012.10.31"]
[SourceDate "2012.11.13"]
[WhiteTeam "TJ Ostrava"]
[BlackTeam "Slovan"]

1. e4 c6 2. d4 d5 3. exd5 cxd5 4. Bd3 Nc6 5. c3 Nf6 6. Bf4 e6 7. Nf3 Be7 8. O-O
O-O 9. h3 h6 10. Nbd2 Bd6 11. Bxd6 Qxd6 12. Qe2 a6 13. a4 Qc7 14. Rae1 Bd7 15.
Kh1 Na5 16. b4 Nc6 17. a5 Na7 18. Nb1 Bb5 19. Nfd2 Bxd3 20. Qxd3 Nc6 21. f4 Ne7
22. g4 Nh7 23. Qe3 Rae8 24. h4 Qd7 25. Rg1 Kh8 26. h5 Qd6 27. Nf3 f6 28. Nbd2
Qd7 29. Nh4 f5 30. g5 hxg5 31. fxg5 f4 32. Qf3 Qd6 33. Ng6+ Kg8 34. Nxf8 Nxf8
35. Rg4 Nf5 36. Rxf4 Rc8 37. Rg4 Qc6 38. Rc1 Qe8 39. Rgg1 Rc6 40. Nf1 Nxd4 41.
Qe3 Nf5 42. Qe2 d4 43. Ng3 Nxg3+ 44. Rxg3 Qb8 45. Qd3 Qe5 46. Rc2 Qd5+ 47. Kh2
e5 48. cxd4 Rxc2+ 49. Qxc2 exd4 50. Qb3 Qxb3 51. Rxb3 Ne6 52. Kg3 Nxg5 53. Kf4
Ne6+ 54. Ke5 Kf7 55. Rf3+ Ke7 56. Rg3 Kf7 57. Rg6 Nf8 58. Rd6 Ke7 59. Rxd4 Nd7+
60. Kf5 1-0

[Event "MP 2012-2013"]
[Site "?"]
[Date "2012.11.13"]
[Round "3.8"]
[White "Dimov, Georgiev"]
[Black "Fridríšek, Tomáš"]
[Result "1/2-1/2"]
[WhiteElo "1465"]
[BlackElo "1273"]
[PlyCount "90"]
[EventDate "2012.10.31"]
[SourceDate "2012.11.14"]
[WhiteTeam "TJ Ostrava"]
[BlackTeam "Slovan"]

1. e4 d5 2. e5 Nc6 3. d4 Bf5 4. a3 e6 5. Nc3 Nge7 6. Be3 Ng6 7. Nf3 Be7 8. h3
Nh4 9. Nh2 Bg6 10. Qd2 O-O 11. Nf3 h6 12. Nxh4 Bxh4 13. g3 Be7 14. Bd3 Na5 15.
f3 Nc4 16. Bxc4 dxc4 17. Ne4 Qd5 18. Qg2 Qb5 19. Bc1 c5 20. Nc3 Qa5 21. Be3 Qb6
22. Qd2 Rfd8 23. d5 exd5 24. Na4 Qb5 25. Nc3 Qxb2 26. O-O Qxc2 27. Qxc2 Bxc2
28. Nb5 a6 29. Nd6 Bxd6 30. exd6 Rxd6 31. Bxc5 Re6 32. Bd4 Rae8 33. Rf2 Re2 34.
Rc1 Bd3 35. Bc5 Re1+ 36. Rxe1 Rxe1+ 37. Kg2 Re2 38. Bd4 Rxf2+ 39. Kxf2 f5 40.
f4 g6 41. h4 h5 42. Ke3 Kf7 43. Bc3 Ke6 44. Kd4 Kd6 45. Bb4+ Kc6 1/2-1/2

[Event "MP 2012-2013"]
[Site "?"]
[Date "2012.11.27"]
[Round "4.1"]
[White "Jamka, Bøetislav"]
[Black "Karhánek, Pavel"]
[Result "1/2-1/2"]
[WhiteElo "2004"]
[BlackElo "2079"]
[PlyCount "86"]
[EventDate "2012.11.14"]
[SourceDate "2012.11.28"]
[WhiteTeam "Slovan"]
[BlackTeam "VOKD"]

1. d4 d5 2. c4 c6 3. Nf3 Nf6 4. g3 a6 5. Bg2 b5 6. b3 Bg4 7. O-O e6 8. Ne5 Bh5
9. c5 Qc8 10. Nc3 Be7 11. f3 O-O 12. g4 Bg6 13. h4 h6 14. Nxg6 fxg6 15. Qd3 Qe8
16. Bf4 Nbd7 17. Bg3 e5 18. e3 exd4 19. exd4 Qf7 20. Rae1 Rfe8 21. Bh3 Bf8 22.
Kg2 Nh7 23. f4 Rxe1 24. Rxe1 Re8 25. Rxe8 Qxe8 26. g5 Be7 27. Be6+ Kh8 28. Bxd7
Qxd7 29. Qxg6 Nf8 30. Qf7 Qe6 31. Qxe6 Nxe6 32. Ne2 g6 33. Kf3 Ng7 34. Bf2 Nf5
35. Kg4 h5+ 36. Kh3 Kg7 37. Ng3 Bd8 38. Nxf5+ gxf5 39. Be1 Bc7 40. Kg3 Kg6 41.
a4 Kf7 42. Kf3 Kg6 43. Ke3 Kf7 1/2-1/2

[Event "MP 2012-2013"]
[Site "?"]
[Date "2012.11.27"]
[Round "4.2"]
[White "Sedláø, Jaroslav"]
[Black "Chliapas, Nikos"]
[Result "1/2-1/2"]
[WhiteElo "1870"]
[BlackElo "1940"]
[PlyCount "40"]
[EventDate "2012.11.14"]
[SourceDate "2012.11.28"]
[WhiteTeam "Slovan"]
[BlackTeam "VOKD"]

1. Nf3 d5 2. d4 Nf6 3. c4 e6 4. Nc3 Be7 5. e3 a6 6. b3 Nc6 7. a3 O-O 8. Bd3 Re8
9. O-O Bf8 10. Bb2 dxc4 11. bxc4 e5 12. dxe5 Ng4 13. Nd5 Ngxe5 14. Nxe5 Nxe5
15. Bxe5 Rxe5 16. Nb6 Bd6 17. Nxa8 Qh4 18. g3 Qh3 19. Qf3 Bg4 20. Qg2 Qh5
1/2-1/2

[Event "MP 2012-2013"]
[Site "?"]
[Date "2012.11.27"]
[Round "4.3"]
[White "Halámka, Pavel"]
[Black "Šípl, František"]
[Result "1-0"]
[WhiteElo "1742"]
[BlackElo "1830"]
[PlyCount "83"]
[EventDate "2012.11.14"]
[SourceDate "2012.11.28"]
[WhiteTeam "Slovan"]
[BlackTeam "VOKD"]

1. e4 c5 2. Nf3 Nc6 3. d4 cxd4 4. Nxd4 g6 5. Be3 Bg7 6. Nc3 Nf6 7. f3 O-O 8.
Qd2 Re8 9. O-O-O a6 10. Bc4 Na5 11. Bb3 Nxb3+ 12. axb3 d6 13. Kb1 b5 14. g4 Bb7
15. h4 h5 16. gxh5 Nxh5 17. Rhg1 Rc8 18. Rg5 e6 19. Rxh5 gxh5 20. Rg1 Kh7 21.
Bg5 Bf6 22. f4 Rg8 23. Qd1 Bxg5 24. Qxh5+ Bh6 25. Qxf7+ Rg7 26. Rxg7+ Bxg7 27.
Nxe6 Qf6 28. Ng5+ Kh8 29. Qxb7 Re8 30. Qxa6 Qxf4 31. Qxd6 Qxd6 32. Nf7+ Kg8 33.
Nxd6 Re5 34. Ncxb5 Bf8 35. c4 Be7 36. b4 Bxh4 37. c5 Bd8 38. c6 Re7 39. Nc3 Bc7
40. Nd5 Rg7 41. e5 Kf8 42. b5 1-0

[Event "MP 2012-2013"]
[Site "?"]
[Date "2012.11.27"]
[Round "4.4"]
[White "Tøetina, Zdenìk"]
[Black "Bártek, Jaromír"]
[Result "1/2-1/2"]
[WhiteElo "1782"]
[BlackElo "1711"]
[PlyCount "175"]
[EventDate "2012.11.14"]
[SourceDate "2012.11.28"]
[WhiteTeam "Slovan"]
[BlackTeam "VOKD"]

1. d4 Nf6 2. c4 g6 3. Nc3 Bg7 4. e4 d6 5. Nf3 O-O 6. Be2 Nbd7 7. O-O e5 8. d5
a6 9. Bg5 h6 10. Bh4 Qe8 11. Nd2 Nh7 12. h3 Bf6 13. Bg3 Kg7 14. Rc1 Bg5 15. f4
exf4 16. Bxf4 Bxf4 17. Rxf4 Ne5 18. Rf1 Qe7 19. Nf3 Nxf3+ 20. Bxf3 f5 21. Qd4+
Qf6 22. Rcd1 Qxd4+ 23. Rxd4 Ng5 24. h4 Nf7 25. exf5 Bxf5 26. Be4 Bxe4 27. Nxe4
Ne5 28. Rfd1 Rad8 29. c5 Rf7 30. cxd6 cxd6 31. Kh2 Ng4+ 32. Kg1 Nf6 33. R1d2
Rdd7 34. a4 Nxe4 35. Rxe4 Rde7 36. Red4 Re5 37. Kh2 Rfe7 38. Kh3 Re3+ 39. g3
Re2 40. Rxe2 Rxe2 41. Rb4 Re7 42. Rb6 Rd7 43. Kg4 Kf7 44. Kf4 Kf6 45. g4 Kg7
46. g5 h5 47. Ke3 Kf7 48. Kd4 Ke8 49. Rb3 Rf7 50. Re3+ Re7 51. Rc3 Rf7 52. Re3+
Re7 53. Rb3 Rf7 54. Ke4 Re7+ 55. Kf4 Rf7+ 56. Kg3 Kd8 57. Re3 Kd7 58. Re6 Rg7
59. Rf6 Ke7 60. b4 b6 61. Rf4 Rf7 62. Rc4 Rf5 63. Rc6 Rxd5 64. Rxb6 Rd3+ 65.
Kf2 Rd4 66. a5 Rxh4 67. b5 axb5 68. Rxb5 Ra4 69. Ke3 Ke6 70. Kd3 h4 71. Ke3 h3
72. Kf2 d5 73. Kg3 Ra3+ 74. Kh2 Ke5 75. Rc5 Ke4 76. Rb5 d4 77. Rb6 d3 78. Re6+
Kf5 79. Rd6 Kg4 80. Rd4+ Kxg5 81. Kxh3 Kf5 82. Kg2 Ke5 83. Rd8 Kf4 84. Kf2 Ke4
85. Rg8 Rxa5 86. Rxg6 Rf5+ 87. Ke1 Re5 88. Kd2 1/2-1/2

[Event "MP 2012-2013"]
[Site "?"]
[Date "2012.11.27"]
[Round "4.5"]
[White "Mladìjovský, Miroslav"]
[Black "Èáp, Šimon"]
[Result "1/2-1/2"]
[WhiteElo "1718"]
[BlackElo "1619"]
[PlyCount "80"]
[EventDate "2012.11.14"]
[SourceDate "2012.11.28"]
[WhiteTeam "Slovan"]
[BlackTeam "VOKD"]

1. d4 Nf6 2. c4 g6 3. Nc3 Bg7 4. e4 d6 5. Nf3 O-O 6. Be2 Nc6 7. d5 Nb4 8. a3
Na6 9. Be3 c5 10. O-O Ng4 11. Bg5 h6 12. Bf4 f5 13. Bc1 Nc7 14. h3 Nf6 15. e5
dxe5 16. Nxe5 Kh7 17. f4 e6 18. Bf3 exd5 19. Nxd5 Nfxd5 20. Bxd5 Nxd5 21. cxd5
b5 22. Nc6 Qd6 23. Re1 Bb7 24. Re6 Qc7 25. Re7 Qb6 26. Qf3 Bxc6 27. dxc6 Rf6
28. c7 Rc8 29. Bd2 Rxc7 30. Rae1 Rxe7 31. Rxe7 Re6 32. Rb7 Qd6 33. Bc3 Re7 34.
Rxb5 Bxc3 35. bxc3 c4 36. Rb7 Qxa3 37. Rb8 Re4 38. Qd1 Qe7 39. Qd5 Qg7 40. Rb7
Re7 1/2-1/2

[Event "MP 2012-2013"]
[Site "?"]
[Date "2012.11.27"]
[Round "4.6"]
[White "Mutina, Antonín"]
[Black "Alexandr, Petr"]
[Result "1/2-1/2"]
[WhiteElo "1950"]
[BlackElo "1649"]
[PlyCount "109"]
[EventDate "2012.11.14"]
[SourceDate "2012.11.28"]
[WhiteTeam "Slovan"]
[BlackTeam "VOKD"]

1. d4 e6 2. Nf3 Nf6 3. Bg5 Be7 4. c4 c5 5. e3 d5 6. Nc3 Ne4 7. Bxe7 Qxe7 8.
cxd5 Nxc3 9. bxc3 exd5 10. Be2 O-O 11. O-O c4 12. Re1 Bf5 13. Nd2 Nd7 14. Bf3
Nf6 15. Qc1 Ne4 16. Nf1 Rad8 17. a4 Rd6 18. a5 Ng5 19. Be2 Re8 20. Ra4 Ra6 21.
Qa1 Bd7 22. Ra2 Qd8 23. Ng3 Qc7 24. h4 Ne4 25. Nf1 Nf6 26. Bf3 Bg4 27. Bxg4
Nxg4 28. f3 Nf6 29. Ree2 Nh5 30. Kf2 f5 31. Qb2 Rg6 32. Qb5 Qc6 33. Rab2 Re7
34. Qxc6 Rxc6 35. Rb5 Nf6 36. Reb2 Rcc7 37. Ng3 g6 38. Ne2 Kf7 39. Nf4 Red7 40.
Nh3 h6 41. Ke2 Nh5 42. Rb1 Nf6 43. Nf4 g5 44. hxg5 hxg5 45. Nh3 Kg6 46. Kf2 Re7
47. g3 Rh7 48. Ng1 Rh2+ 49. Kf1 Ra2 50. R1b2 Rxb2 51. Rxb2 Re7 52. Kf2 g4 53.
Rb5 Rh7 54. Kg2 Re7 55. Kf2 1/2-1/2